Memoria. (Registro nro. 15664)
[ vista simple ]
| 000 -CABECERA | |
|---|---|
| campo de control de longitud fija | 00557nam a2200145 a 4500 |
| 001 - NÚMERO DE CONTROL | |
| campo de control | 000016124 |
| 005 - FECHA Y HORA DE LA ÚLTIMA TRANSACCIÓN | |
| campo de control | 20200929164301.0 |
| 008 - DATOS DE LONGITUD FIJA--INFORMACIÓN GENERAL | |
| campo de control de longitud fija | 100226s1924 000 spa d |
| 040 ## - FUENTE DE LA CATALOGACIÓN | |
| Centro catalogador/agencia de origen | DO-SdBNP |
| Lengua de catalogación | spa |
| Centro/agencia transcriptor | BNPHU |
| 082 ## - NÚMERO DE LA CLASIFICACIÓN DECIMAL DEWEY | |
| Número de clasificación | xxxx |
| Número de documento/Ítem | xxxx |
| 111 2# - ENTRADA PRINCIPAL--NOMBRE DE CONGRESO/REUNIÓN | |
| Nombre de congreso/reunión o jurisdicción como elemento de entrada | Conferencia internacional americana de la Secretaría de Estado de Relaciones Exteriores de la República |
| Fecha del congreso/reunión | (1923 : |
| Sede del congreso/Lugar de la reunión | Chile |
| Número del congreso/reunión o número de parte o sección | 5: 25 de marzo ) |
| 9 (RLIN) | 36118 |
| 245 10 - MENCIÓN DE TÍTULO | |
| Título | Memoria. |
| 260 ## - PUBLICACIÓN, DISTRIBUCIÓN, ETC. | |
| Lugar de publicación, distribución, etc. | Santo Domingo : 1924. : |
| Nombre del editor, distribuidor, etc. | Secretaría de Estado de Relaciones Exteriores de la República, |
| Fecha de publicación, distribución, etc. | 1924. |
| 300 ## - DESCRIPCIÓN FÍSICA | |
| Extensión | 103 p. ; |
| Dimensiones | 26 cm. |
| Estado de retiro | Estado de pérdida | Restricciones de uso | No para préstamo | Código de colección | Localización permanente | Ubicación/localización actual | Ubicación en estantería | Fecha de adquisición | Número de inventario | Total de préstamos | Signatura topográfica completa | Código de barras | Fecha visto por última vez | Precio válido a partir de | Tipo de ítem Koha | Nota pública | Número de copia |
|---|---|---|---|---|---|---|---|---|---|---|---|---|---|---|---|---|---|
| Excluido de préstamo | Raros y valiosos | Patrimonio Dominicano | Patrimonio Dominicano | Depósito | 26.02.2010 | LF1 | xxxx xxxx | 16124-10 | 25.06.2020 | 25.06.2020 | No se presta | Perteneció a la biblioteca personal de Julio Ortega Frier. | |||||
| Excluido de préstamo | Raros y valiosos | Patrimonio Dominicano | Patrimonio Dominicano | Depósito | 01.04.2011 | LF1 | xxxx xxxx | 16124-20 | 25.06.2020 | 25.06.2020 | No se presta | e. 2 |
